| 000 | 00708nam a22002175a 4500 | ||
|---|---|---|---|
| 005 | 20170112110608.0 | ||
| 008 | 170112s2009 ii a fr 000 0 eng d | ||
| 020 | _a9788184313024 | ||
| 040 |
_aEG-ScBUE _beng _cEG-ScBUE _dEG-ScBUE |
||
| 082 | 0 | 4 |
_222 _a005.131 _bPUN |
| 100 | 1 |
_913035 _aPuntambekar, Anuradha A. |
|
| 245 | 1 | 0 |
_aFormal languages and automata theory / _cAnuradha A. Puntambekar. |
| 250 | _a1st ed. | ||
| 260 |
_aPune, India : _bTechnical Publications Pune, _c2009 |
||
| 300 |
_a1 v. (Various pagings) : _bill. ; _c24 cm. |
||
| 650 | 7 |
_2BUEsh _934487 _aSequential machine theory. |
|
| 650 | 7 |
_93451 _aFormal languages. _2BUEsh |
|
| 651 | _2BUEsh | ||
| 653 |
_bCOMSCI _cJanuary2017 |
||
| 942 | _2ddc | ||
| 999 |
_c23904 _d23876 |
||